Whatever Happened to Tory Liverpool? : Success, Decline, and Irrelevance Since 1945.

Bibliographic Details
Main Author: Jeffery, David.
Format: eBook
Language:English
Published: Liverpool : Liverpool University Press, 2023.
Edition:1st ed.
Subjects:
Online Access:Click to View
LEADER 01494nam a22003613i 4500
001 EBC30259784
003 MiAaPQ
005 20231204023229.0
006 m o d |
007 cr cnu||||||||
008 231204s2023 xx o ||||0 eng d
020 |a 9781837646562  |q (electronic bk.) 
020 |z 9781802078480 
035 |a (MiAaPQ)EBC30259784 
035 |a (Au-PeEL)EBL30259784 
035 |a (OCoLC)1369284688 
040 |a MiAaPQ  |b eng  |e rda  |e pn  |c MiAaPQ  |d MiAaPQ 
082 0 |a 324.241020942725 
100 1 |a Jeffery, David. 
245 1 0 |a Whatever Happened to Tory Liverpool? :  |b Success, Decline, and Irrelevance Since 1945. 
250 |a 1st ed. 
264 1 |a Liverpool :  |b Liverpool University Press,  |c 2023. 
264 4 |c Ã2023. 
300 |a 1 online resource (296 pages) 
336 |a text  |b txt  |2 rdacontent 
337 |a computer  |b c  |2 rdamedia 
338 |a online resource  |b cr  |2 rdacarrier 
588 |a Description based on publisher supplied metadata and other sources. 
590 |a Electronic reproduction. Ann Arbor, Michigan : ProQuest Ebook Central, 2023. Available via World Wide Web. Access may be limited to ProQuest Ebook Central affiliated libraries.  
655 4 |a Electronic books. 
776 0 8 |i Print version:  |a Jeffery, David  |t Whatever Happened to Tory Liverpool?  |d Liverpool : Liverpool University Press,c2023  |z 9781802078480 
797 2 |a ProQuest (Firm) 
856 4 0 |u https://ebookcentral.proquest.com/lib/matrademy/detail.action?docID=30259784  |z Click to View